Catálogo

Vista normal Vista MARC

Entrada Personal Name

Número de registros utilizados en: 1

001 - CONTROL NUMBER

  • control field: 17745

003 - CONTROL NUMBER IDENTIFIER

  • control field: DLC

005 - DATE AND TIME OF LATEST TRANSACTION

  • control field: 20251128100851.0

008 - FIXED-LENGTH DATA ELEMENTS

  • fixed length control field: 180201n| azannaabn |a aaa

010 ## - LIBRARY OF CONGRESS CONTROL NUMBER

  • LC control number: n 2018005857

035 ## - SYSTEM CONTROL NUMBER

  • System control number: (OCoLC)oca11179452

040 ## - CATALOGING SOURCE

  • Original cataloging agency: DLC
  • Language of cataloging: spa
  • Description conventions: rda
  • Transcribing agency: Mx-PuUPA
  • Modifying agency: MdRoLAC
  • Modifying agency: GVaS
  • Modifying agency: Mx-PuUPA

046 ## - SPECIAL CODED DATES

  • Birth date: 1985
  • Source of date scheme: edtf

100 1# - HEADING--PERSONAL NAME

  • Personal name: Singer, Abraham A.,

372 ## - FIELD OF ACTIVITY

  • Field of activity: Ética empresarial
  • Field of activity: Ciencia política
  • Source of term: lcsh

373 ## - ASSOCIATED GROUP

  • Associated group: Universidad Loyola de Chicago
  • Source of term: naf

374 ## - OCCUPATION

  • Occupation: Profesor universiario
  • Occupation: Autor
  • Source of term: lcsh

375 ## - GENDER

  • Gender: hombre

377 ## - ASSOCIATED LANGUAGE

  • Language code: eng

510 2# - SEE ALSO FROM TRACING--CORPORATE NAME

  • Control subfield: r
  • Relationship information: Employer:
  • Corporate name or jurisdiction name as entry element: Loyola University Chicago

670 ## - SOURCE DATA FOUND

  • Source citation: The form of the firm, 2019:
  • Information found: ECIP t.p. (Abraham A. Singer)

670 ## - SOURCE DATA FOUND

  • Source citation: The sanity of satire, 2020:
  • Information found: eCIP title page (Abraham Singer) data view (1985)

670 ## - SOURCE DATA FOUND

  • Source citation: Loyola University Chicago profile, viewed 29 April 2020:
  • Information found: (Professor Singer's teaching and research lies at the intersection of business ethics and political theory)
  • Uniform Resource Identifier: https://www.luc.edu/quinlan/faculty/abrahamsinger.shtml